| 000 | 00435cam a2200181ua 4500 | ||
|---|---|---|---|
| 020 | _cRs 4.50 | ||
| 041 |
_amal _h |
||
| 082 |
_a301 _bCHI/MA |
||
| 100 | _aChildre, Gordon . | ||
| 245 |
_aManusyan swayam nirmikkunnu / _cGordon Childre. _hTextual Documents |
||
| 250 |
_a1 / _b. |
||
| 260 |
_aKollam : _bModern book , _c1964. |
||
| 300 | _a348 ; . | ||
| 365 | _aRs 4.50 | ||
| 504 | _a | ||
| 942 | _cBK | ||
| 999 |
_c319 _d319 |
||